1972 1799 1942 1857 1698 1116 1723 1382 1402 1173 1748 1250 1504 1892 1437 1396 1589 1832 1974 1781 1295 1215 1300 1925 1075 1456 1148 1001 1921 1998 1627 1767 1589 1747 1286 1235 1424 1599 1048 1427 1621 1947 1590 1421 1841 1869 1813 1683 1233 1964 1957 1100 1649 1105 1222 1821 1416 1613 1716 1517 1452 1023 1019 1666 1135 1772 1829 1473 1572 1175 1110 1638 1763 1532 1284 1034 1434 1001 1764 1706 1297 1992 1350 1604 1042 1717 1774 1679 1605 1015 1260 1626 1107 1147 1295 1771 1331 1718 1227 BCNSPRNW ULIB Ver.6.0+V

เปลี่ยนเป็นภาษาไทย

Change to English
 แสดงรายละเอียดบรรณานุกรม
  กลับหน้าหลัก

Brief Record : Get Marc (ISO 2709) : E-mail record : QR code < ปิดหน้าต่าง
LEADER : 00000nam 2200000uu 4500
001    13399122114
003     ULIB
008    121227s2554||||th 000 0 tha d
020    ^a 9786162131110
050    ^aPL4167^bฐ361ร
100    ^a ฐิติรัตน์ เกิดหาญ
245    ^a ร้อยแปด (108) คำควบกล้ำ
250    ^aพิมพ์ครั้งที่ 1
260    ^aสกายบุ๊กส์ :^bปทุมธานี,^c2554
300    ^a264 หน้า;^b21 ซม.
650    ^aคำควบกล้ำ^xภาษาไทย
945    ^p115^l0^i033355
999    ^aใช้งานได้ทุกระบบ
รายการนี้ยังไม่มีแท็ก
คุณยังไม่ได้ล็อกอิน คุณสามารถมีกิจกรรมร่วมกับเว็บไซต์ได้ แต่ต้องล็อกอินก่อน ::
  ล็อกอิน

รายการสื่อสารสนเทศ

ลำดับที่ ประเภท เลขเรียก/บาร์โค้ด สถานที่ สถานะ
1. การศึกษาทั่วไป
หนังสือสำรอง
สถานะ=หนังสือสำรอง
PL4167 ฐ361ร ฉ.1 
  Barcode: 033355
ห้องสมุดวิทยาเขตสวรรค์ประชารักษ์
►หนังสือทั่วไป
บนชั้น

รายการใกล้เคียง
    ชื่อเรื่อง [ร้อยแปด (108) คำควบกล้ำ]

    ผู้แต่ง [ฐิติรัตน์ เกิดหาญ]

BibComment


ยังไม่เคยถูกคอมเมนท์

คอมเมนท์ทรัพยากรรายการนี้
  คอมเมนท์: ร้อยแปด 108 คำค..


 Copyright 2026. Bcnsprnw @Library